| 000 | 01144nam a2200349 i 4500 | ||
|---|---|---|---|
| 003 | EG-GICUC | ||
| 005 | 20260303183638.0 | ||
| 008 | 260303s1970 fr ||||fr|||| 00| 0 fre d | ||
| 040 |
_aEG-GiCUC _bfre _cEG-GiCUC _dEG-GiCUC _eRda |
||
| 041 | _afre | ||
| 082 | 0 | 4 |
_221 _a341.62 _bBO.A |
| 092 | 0 | 4 | _221 |
| 099 | _aLaw1 11 341.62 BO.A 1970 | ||
| 100 | 1 |
_a Bobbio , Norberto _eAuteur |
|
| 245 |
_aAnnales De Philosophie Politique : _bLa Guerre Et Ses Théories / _cNorberto Bobbio . |
||
| 264 |
_aParis : _bUniversitaires De France , _c1970. |
||
| 300 |
_a215 page ; _c 24 cm. _billustration ; |
||
| 336 |
_2rda contenu _a texte |
||
| 337 |
_2rda medias _aOrdinateur |
||
| 338 |
_2 transporteur rda _a Ressource en ligne |
||
| 504 | _aBibliography: pages 200-250. 240-220 | ||
| 546 | _aTexte en français | ||
| 650 | 1 |
_aGuerre _2qrmak |
|
| 650 | 1 |
_a Moyens et méthodes _2qrmak |
|
| 651 | 1 | _2qrmak | |
| 700 | 1 |
_aRobert Bose _eContributeur |
|
| 700 | 1 |
_aHenri Buch _eContributeur |
|
| 700 | 1 |
_aSergio Cotta _eContributeur |
|
| 856 | 4 | 0 | _uhttps://fll.law.cu.edu.eg/fulltext/bks/B11-08535.pdf |
| 905 | _a60 | ||
| 942 |
_2ddc _cBK _e21 _n0 |
||
| 999 |
_c64739 _d64739 |
||